[Event "II Festival A"]
[Site "Virgilio ITA"]
[Date "2012.01.04"]
[Round "4"]
[White "Lantini, Marco"]
[Black "Gilevych, Artem"]
[WhiteElo "2136"]
[BlackElo "2279"]
[Result "0-1"]
[PlyCount "154"]
[EventDate "2012.01.02"]

1. e4 Nc6 2. Nf3 e6 3. d4 d5 4. e5 f6 5. Bb5 a6 6. Bxc6+ bxc6 7. O-O c5 8. c3
Bd7 9. Re1 f5 10. c4 c6 11. dxc5 Bxc5 12. Be3 Bxe3 13. Rxe3 Qb6 14. Rb3 Qa7 15.
Qc1 Ne7 16. Nc3 O-O 17. Ne2 c5 18. cxd5 Nxd5 19. Nf4 c4 20. Ra3 Qc5 21. Nxd5
Qxd5 22. Qe1 Qb5 23. Rb1 a5 24. Rc3 Rac8 25. b3 cxb3 26. Rcxb3 Qa4 27. Qd1 Bc6
28. Qd6 Bd5 29. Ra3 Qc2 30. Rf1 Rc6 31. Qe7 Rc7 32. Qd6 Rc6 33. Qe7 Qc5 34.
Qxc5 Rxc5 35. Re1 Rb8 36. Nd4 Rb2 37. Ra1 Rxa2 38. R3xa2 Bxa2 39. f4 Bd5 40.
Kf2 Rc4 41. Ke3 a4 42. g3 Kf7 43. Kd3 Ke7 44. Nb5 Rb4 45. Nd4 Rb2 46. Rxa4 Rxh2
47. Ra7+ Kf8 48. Rd7 Rg2 49. Nxf5 exf5 50. Rxd5 Rxg3+ 51. Kc4 Re3 52. Kc5 Ke7
53. Rd4 g5 54. Kd5 g4 55. Ra4 Rd3+ 56. Kc4 Rd1 57. Ra7+ Rd7 58. Rxd7+ Kxd7 59.
Kd4 h5 60. Ke3 h4 61. Kf2 Ke6 62. Kg2 Kf7 63. Kh2 Kg6 64. Kg2 g3 65. Kf3 Kh5
66. Ke2 Kg6 67. Kf3 Kh6 68. Kg2 Kg6 69. Kf3 Kh5 70. Ke2 h3 71. Kf3 h2 72. Kg2
Kg6 73. Kh1 Kf7 74. Kg2 Ke6 75. Kh1 Kd5 76. Kg2 Ke4 77. e6 Kd4 0-1

[Event "II Festival A"]
[Site "Virgilio ITA"]
[Date "2012.01.05"]
[Round "5"]
[White "Basso, Pier Luigi"]
[Black "Bontempi, Piero"]
[WhiteElo "2163"]
[BlackElo "2336"]
[Result "1/2-1/2"]
[PlyCount "45"]
[EventDate "2012.01.02"]

1. d4 d5 2. c4 c6 3. Nc3 Nf6 4. Nf3 e6 5. Bg5 Be7 6. e3 O-O 7. cxd5 exd5 8. Bd3
Nbd7 9. O-O Re8 10. Rb1 a5 11. Qc2 Nf8 12. h3 g6 13. a3 Ne6 14. Bxf6 Bxf6 15.
b4 axb4 16. axb4 Ng7 17. b5 Bf5 18. Bxf5 Nxf5 19. bxc6 bxc6 20. Na4 Qa5 21. Nc5
Ra7 22. Rfc1 Qc7 23. Nd3 1/2-1/2

[Event "II Festival A"]
[Site "Virgilio ITA"]
[Date "2012.01.05"]
[Round "5"]
[White "Ceschia, Ivano"]
[Black "Arnaudov, G. Petar"]
[WhiteElo "2319"]
[BlackElo "2473"]
[Result "0-1"]
[PlyCount "62"]
[EventDate "2012.01.02"]

1. e4 e5 2. Nf3 Nc6 3. Bb5 a6 4. Bxc6 dxc6 5. O-O Qf6 6. d4 exd4 7. Qxd4 Qxd4
8. Nxd4 Bd7 9. Be3 O-O-O 10. Nc3 Re8 11. a3 h6 12. Rad1 c5 13. Nde2 f5 14. Nf4
Bd6 15. Ng6 Rh7 16. Nd5 Bb5 17. Rfe1 fxe4 18. Bf4 Bxf4 19. Ndxf4 Nf6 20. Rd2
Bc4 21. b3 Bf7 22. Rde2 h5 23. f3 h4 24. g3 hxg3 25. hxg3 Rh6 26. Nh4 g5 27.
Nf5 Rhh8 28. Ng2 exf3 29. Rxe8+ Rxe8 30. Rxe8+ Bxe8 31. Nge3 g4 0-1

[Event "II Festival A"]
[Site "Virgilio ITA"]
[Date "2012.01.05"]
[Round "5"]
[White "Chiarion, Elisa"]
[Black "Negro, Roberto"]
[WhiteElo "2003"]
[BlackElo "2212"]
[Result "1-0"]
[PlyCount "57"]
[EventDate "2012.01.02"]

1. e4 c5 2. Nf3 g6 3. d4 Bg7 4. Nc3 cxd4 5. Nxd4 Nc6 6. Be3 Nf6 7. Nxc6 bxc6 8.
e5 Ng8 9. Bd4 Nh6 10. e6 f6 11. exd7+ Bxd7 12. Bc4 Qa5 13. O-O Rd8 14. Re1 Bg4
15. Qd3 Nf5 16. Qe4 Rxd4 17. Qxc6+ Kf8 18. Qe6 Rxc4 19. Qxc4 Nh6 20. h3 Bd7 21.
Rad1 Be8 22. Nd5 Nf5 23. Qc8 Nd6 24. Qe6 Qd8 25. Nxe7 Nf7 26. Rxd8 Nxd8 27.
Nxg6+ Bxg6 28. Qe7+ Kg8 29. Qxd8+ 1-0

[Event "II Festival A"]
[Site "Virgilio ITA"]
[Date "2012.01.05"]
[Round "5"]
[White "Dvirnyy, Danyyil"]
[Black "Rusev, Krasimir"]
[WhiteElo "2492"]
[BlackElo "2518"]
[Result "1/2-1/2"]
[PlyCount "47"]
[EventDate "2012.01.02"]

1. e4 e5 2. Nf3 Nc6 3. Bb5 Nf6 4. O-O Nxe4 5. d4 Nd6 6. Bxc6 dxc6 7. dxe5 Nf5
8. Qxd8+ Kxd8 9. Nc3 Ke8 10. h3 Be7 11. g4 Nh4 12. Nxh4 Bxh4 13. Kg2 h5 14. f3
Be6 15. Be3 a6 16. Rfd1 Rd8 17. b3 Be7 18. Rxd8+ Kxd8 19. Rd1+ Ke8 20. Ne4 hxg4
21. hxg4 f5 22. exf6 gxf6 23. Bd4 Rh6 24. Re1 1/2-1/2

[Event "II Festival A"]
[Site "Virgilio ITA"]
[Date "2012.01.05"]
[Round "5"]
[White "Gilevych, Artem"]
[Black "Guido, Flavio"]
[WhiteElo "2279"]
[BlackElo "2396"]
[Result "0-1"]
[PlyCount "92"]
[EventDate "2012.01.02"]

1. d4 Nf6 2. Nf3 g6 3. c4 Bg7 4. Nc3 d5 5. Bg5 Ne4 6. cxd5 Nxg5 7. Nxg5 e6 8.
Nf3 exd5 9. e3 O-O 10. Be2 c6 11. O-O Qe7 12. a3 Be6 13. Rc1 Nd7 14. Na4 f5 15.
Qb3 Rab8 16. Rfe1 g5 17. Qb4 Bf6 18. Nc5 Nxc5 19. Qxc5 Qxc5 20. Rxc5 Rbe8 21.
Rc3 Bd7 22. Nd2 Re7 23. Nb3 Rfe8 24. Bh5 Rf8 25. Bd1 Rfe8 26. Bh5 Rf8 27. Bd1
Bc8 28. h3 Rfe8 29. Bh5 Rf8 30. Bd1 Rfe8 31. Bh5 Rf8 32. Bd1 Kg7 33. g3 Rfe8
34. Bh5 Rf8 35. Bf3 Rfe8 36. Rd1 Kg6 37. Nc5 f4 38. gxf4 gxf4 39. Nd3 fxe3 40.
fxe3 Rxe3 41. Nf4+ Kg5 42. Nh5 Re1+ 43. Kh2 Rxd1 44. h4+ Kxh4 45. Bxd1 Bxd4 46.
Rd3 Be5+ 0-1

[Event "II Festival A"]
[Site "Virgilio ITA"]
[Date "2012.01.05"]
[Round "5"]
[White "Naumkin, Igor"]
[Black "Sbarra, Marco"]
[WhiteElo "2443"]
[BlackElo "2288"]
[Result "1/2-1/2"]
[PlyCount "55"]
[EventDate "2012.01.02"]

1. d4 Nf6 2. Nf3 d5 3. c4 e6 4. Bg5 Bb4+ 5. Nc3 Nbd7 6. cxd5 exd5 7. e3 c5 8.
Bd3 Qa5 9. O-O c4 10. Bc2 Bxc3 11. bxc3 Qxc3 12. e4 dxe4 13. Bd2 Qa3 14. Rb1 c3
15. Rb3 Qd6 16. Bxc3 Nd5 17. Bb2 exf3 18. Ba3 Qh6 19. Re1+ Kd8 20. Qxf3 N7f6
21. Qg3 Qd2 22. Be7+ Nxe7 23. Qd6+ Bd7 24. Qxe7+ Kc7 25. Qe5+ Kd8 26. Qe7+ Kc7
27. Qe5+ Kd8 28. Qe7+ 1/2-1/2

[Event "II Festival A"]
[Site "Virgilio ITA"]
[Date "2012.01.05"]
[Round "5"]
[White "Picco, Ruggero"]
[Black "Genocchio, Daniele"]
[WhiteElo "2024"]
[BlackElo "2434"]
[Result "0-1"]
[PlyCount "84"]
[EventDate "2012.01.02"]

1. e4 c5 2. g3 Nc6 3. Bg2 g6 4. f4 Bg7 5. d3 d6 6. Nf3 e5 7. c3 Nge7 8. O-O O-O
9. Be3 b6 10. d4 exd4 11. cxd4 d5 12. e5 Nf5 13. Bf2 Ba6 14. Re1 Nb4 15. Nc3
Nd3 16. dxc5 bxc5 17. Re2 Nxf2 18. Rxf2 Ne3 19. Qa4 Bb7 20. Nb5 Bc6 21. Qa6 Qb6
22. Qxb6 axb6 23. Nd6 Nxg2 24. Kxg2 Rfd8 25. Ng5 Ra7 26. g4 h6 27. Ngxf7 Rxf7
28. Nxf7 Kxf7 29. Re1 d4+ 30. Kg3 d3 31. Rd2 Ke6 32. h4 h5 33. gxh5 gxh5 34.
Kf2 Bh6 35. Ke3 Kf5 36. Rf2 d2 37. Rd1 Rd4 38. Rdxd2 Bxf4+ 39. Rxf4+ Rxf4 40.
Rd6 Re4+ 41. Kf2 Be8 42. Rxb6 Rb4 0-1

[Event "II Festival A"]
[Site "Virgilio ITA"]
[Date "2012.01.05"]
[Round "5"]
[White "Radice, Luca"]
[Black "Xia, Jie"]
[WhiteElo "2025"]
[BlackElo "2269"]
[Result "0-1"]
[PlyCount "72"]
[EventDate "2012.01.02"]

1. d4 Nf6 2. c4 e5 3. dxe5 Ng4 4. Bf4 Nc6 5. Nf3 Bb4+ 6. Nbd2 Qe7 7. e3 Ngxe5
8. Nxe5 Nxe5 9. Be2 O-O 10. O-O d6 11. a3 Bxd2 12. Qxd2 b6 13. b4 Bb7 14. Qc3
Ng6 15. Bg3 Rae8 16. c5 dxc5 17. bxc5 Nh4 18. Bxh4 Qxh4 19. c6 Bc8 20. Rfd1 Re6
21. Rd4 Qf6 22. Rc1 Re5 23. Rf4 Qe7 24. Bf3 Rc5 25. Qb2 Be6 26. Rd1 h6 27. Rfd4
Ra5 28. a4 Qf6 29. Qb4 Rf5 30. Be4 Rxf2 31. Bh7+ Kxh7 32. Qxf8 Re2 33. Rf4 Qb2
34. Rh4 Rxg2+ 35. Kh1 Qe2 36. Qd8 Rg6 0-1

[Event "II Festival A"]
[Site "Virgilio ITA"]
[Date "2012.01.05"]
[Round "6"]
[White "Bertani, Gianfranco"]
[Black "Guerra, Alessandro"]
[WhiteElo "2059"]
[BlackElo "2216"]
[Result "1-0"]
[PlyCount "63"]
[EventDate "2012.01.02"]

1. Nf3 Nf6 2. d4 e6 3. e3 c5 4. Bd3 Nc6 5. O-O d5 6. b3 cxd4 7. exd4 h6 8. Bb2
Bd6 9. a3 O-O 10. Ne5 Bxe5 11. dxe5 Nd7 12. Re1 Nc5 13. Bf1 b6 14. Nd2 Ba6 15.
Bxa6 Nxa6 16. Qe2 Nc5 17. Rad1 a5 18. f4 Qc7 19. Qh5 b5 20. g4 Kh7 21. g5 Ne7
22. Nf3 Nf5 23. gxh6 gxh6 24. Kh1 Rg8 25. Ng5+ Kg7 26. Rg1 hxg5 27. Rxg5+ Kf8
28. Rxg8+ Kxg8 29. Rg1+ Kf8 30. Qh8+ Ke7 31. Qxa8 d4 32. Rg8 1-0

[Event "II Festival A"]
[Site "Virgilio ITA"]
[Date "2012.01.05"]
[Round "6"]
[White "Bontempi, Piero"]
[Black "Chiarion, Elisa"]
[WhiteElo "2336"]
[BlackElo "2003"]
[Result "1-0"]
[PlyCount "117"]
[EventDate "2012.01.02"]

1. e4 c5 2. Nf3 d6 3. b3 Nc6 4. d4 cxd4 5. Nxd4 Nf6 6. Nxc6 bxc6 7. Bd3 g6 8.
O-O Bg7 9. Bb2 O-O 10. Nd2 d5 11. Qe2 Qc7 12. f4 Bg4 13. Qe1 Qb6+ 14. Kh1 Nxe4
15. Bxg7 Nxd2 16. Bxf8 Nxf1 17. Bxe7 Ne3 18. b4 d4 19. Bc5 Qd8 20. c3 Qd5 21.
Qg3 Bf5 22. Bxf5 Nxf5 23. Qd3 dxc3 24. Qxc3 Re8 25. Re1 Re6 26. Rxe6 Qxe6 27.
Qd2 h5 28. Bxa7 Qc4 29. Kg1 Qe4 30. h3 Ng3 31. Bf2 Ne2+ 32. Kh2 Nxf4 33. Bg3
Nd5 34. a3 Ne3 35. Qf2 Qd3 36. Bf4 Nd5 37. Bc1 Qe4 38. Qf3 Qe1 39. Bh6 Kh7 40.
Bg5 Qe6 41. Qg3 Kg7 42. Bd2 Qf6 43. Qe1 Qd6+ 44. Kh1 Nb6 45. Bc3+ f6 46. Qf2
Qd8 47. Qd4 Qxd4 48. Bxd4 Na4 49. Kg1 Kf7 50. Kf2 Ke6 51. Ke3 g5 52. Kd3 f5 53.
Kc4 g4 54. hxg4 hxg4 55. Kb3 Kd5 56. Bg1 Ke6 57. Bd4 c5 58. bxc5 Kd5 59. Bg1
1-0

[Event "II Festival A"]
[Site "Virgilio ITA"]
[Date "2012.01.05"]
[Round "6"]
[White "Ceschia, Ivano"]
[Black "Basso, Pier Luigi"]
[WhiteElo "2319"]
[BlackElo "2163"]
[Result "1-0"]
[PlyCount "92"]
[EventDate "2012.01.02"]

1. e4 e5 2. Nf3 Nf6 3. Nxe5 d6 4. Nf3 Nxe4 5. Nc3 Nxc3 6. dxc3 Be7 7. Be3 Nc6
8. Qd2 Be6 9. Be2 h6 10. O-O-O Qd7 11. h3 O-O-O 12. Bb5 a6 13. Ba4 b5 14. Bb3
Bxb3 15. cxb3 Qf5 16. Nd4 Nxd4 17. Qxd4 c5 18. Qd5 Qxd5 19. Rxd5 Kc7 20. Rhd1
Kc6 21. Kc2 Rhe8 22. Rf5 Bf6 23. Bxh6 Re2+ 24. Rd2 Re1 25. Bg5 Bxg5 26. Rxg5 g6
27. Rgd5 Rf1 28. c4 Re1 29. b4 Re4 30. cxb5+ axb5 31. Rxc5+ dxc5 32. Rxd8 cxb4
33. Kd3 Re1 34. Rf8 Re7 35. Rc8+ Kd5 36. Rd8+ Kc6 37. Kc2 Re2+ 38. Rd2 Re4 39.
Kb3 Kc7 40. Rd3 Kc6 41. Rf3 f5 42. h4 Kc5 43. h5 gxh5 44. Rxf5+ Kb6 45. Rxh5
Rd4 46. Rf5 Re4 1-0

[Event "II Festival A"]
[Site "Virgilio ITA"]
[Date "2012.01.05"]
[Round "6"]
[White "Genocchio, Daniele"]
[Black "Guido, Flavio"]
[WhiteElo "2434"]
[BlackElo "2396"]
[Result "1-0"]
[PlyCount "39"]
[EventDate "2012.01.02"]

1. g3 Nf6 2. Bg2 d5 3. f4 g6 4. Nf3 Bg7 5. O-O O-O 6. d3 c5 7. Nc3 d4 8. Ne4
Qc7 9. Bd2 Rd8 10. Nxf6+ Bxf6 11. c4 Nc6 12. Ng5 Bg7 13. Bd5 Rf8 14. f5 gxf5
15. e4 e6 16. exf5 exd5 17. f6 h6 18. Qh5 Qd6 19. fxg7 Kxg7 20. Nxf7 1-0

[Event "II Festival A"]
[Site "Virgilio ITA"]
[Date "2012.01.05"]
[Round "6"]
[White "Lantini, Marco"]
[Black "Mrdja, Milan"]
[WhiteElo "2136"]
[BlackElo "2389"]
[Result "0-1"]
[PlyCount "72"]
[EventDate "2012.01.02"]

1. e4 c5 2. Nf3 e6 3. d4 cxd4 4. Nxd4 Nf6 5. Nc3 d6 6. g4 h6 7. h3 a6 8. Bg2
Qc7 9. Be3 Nc6 10. Qe2 Nxd4 11. Bxd4 e5 12. Nd5 Nxd5 13. exd5 Be7 14. Bc3 Bg5
15. Be4 Qe7 16. Rd1 O-O 17. O-O f5 18. gxf5 Bxf5 19. Rd3 Bxe4 20. Qxe4 Rf4 21.
Qg6 Rf6 22. Qh5 Raf8 23. Qg4 Qf7 24. f3 Bf4 25. Kh1 Rg6 26. Qh4 Qf5 27. Rg1
Rff6 28. Rg4 h5 29. Rg2 Rxg2 30. Kxg2 Rg6+ 31. Kf1 Rg3 32. Be1 Rxh3 33. Qe7 Kh7
34. Qe6 Rh1+ 35. Ke2 Qg5 36. Rc3 Qg2+ 0-1

[Event "II Festival A"]
[Site "Virgilio ITA"]
[Date "2012.01.05"]
[Round "6"]
[White "Rusev, Krasimir"]
[Black "Naumkin, Igor"]
[WhiteElo "2518"]
[BlackElo "2443"]
[Result "1-0"]
[PlyCount "49"]
[EventDate "2012.01.02"]

1. d4 e6 2. c4 f5 3. g3 Nf6 4. Bg2 Bb4+ 5. Nd2 O-O 6. Ngf3 d6 7. O-O Bxd2 8.
Qxd2 a5 9. b3 Qe8 10. Bb2 b5 11. Ng5 Ra7 12. d5 e5 13. Qe3 Ra8 14. cxb5 Qxb5
15. Ne6 Bxe6 16. dxe6 Nc6 17. Rac1 e4 18. Qc3 Ra6 19. f3 exf3 20. Qxf3 Ne7 21.
Qb7 Qb6+ 22. Qxb6 cxb6 23. Rc7 Re8 24. a4 h6 25. Rd1 1-0

[Event "II Festival A"]
[Site "Virgilio ITA"]
[Date "2012.01.05"]
[Round "6"]
[White "Xia, Jie"]
[Black "Gilevych, Artem"]
[WhiteElo "2269"]
[BlackElo "2279"]
[Result "1/2-1/2"]
[PlyCount "93"]
[EventDate "2012.01.02"]

1. e4 e6 2. d4 d5 3. Nc3 Bb4 4. Nge2 Nf6 5. e5 Ne4 6. a3 Nxc3 7. Nxc3 Bxc3+ 8.
bxc3 O-O 9. Bd3 f5 10. exf6 Qxf6 11. O-O b6 12. Qh5 h6 13. Bd2 Ba6 14. Rae1
Bxd3 15. cxd3 Nd7 16. Qg4 Rae8 17. c4 Qf7 18. Qg3 Nf6 19. Bb4 c5 20. dxc5 a5
21. cxb6 axb4 22. axb4 dxc4 23. dxc4 Qd7 24. Ra1 Ra8 25. Rxa8 Rxa8 26. Qf3 Rb8
27. c5 Nd5 28. Ra1 Nxb4 29. Ra7 Qd4 30. Qf7+ Kh8 31. h3 Qf6 32. Qc7 Rf8 33. b7
Qxf2+ 34. Kh2 e5 35. Ra3 Na6 36. Qd6 Qf4+ 37. Kh1 Qc1+ 38. Kh2 Qf4+ 39. Kh1
Qc1+ 40. Kh2 Qf4+ 41. Rg3 Rf6 42. Qxa6 Rxa6 43. b8=Q+ Kh7 44. Qe8 Rf6 45. c6 e4
46. c7 Qxc7 47. Qxe4+ 1/2-1/2

[Event "II Festival A"]
[Site "Virgilio ITA"]
[Date "2012.01.06"]
[Round "7"]
[White "Basso, Pier Luigi"]
[Black "Bertani, Gianfranco"]
[WhiteElo "2163"]
[BlackElo "2059"]
[Result "1/2-1/2"]
[PlyCount "88"]
[EventDate "2012.01.02"]

1. e4 c5 2. Nf3 d6 3. d4 cxd4 4. Nxd4 Nf6 5. Nc3 g6 6. f4 Bg7 7. e5 dxe5 8.
fxe5 Nh5 9. Bb5+ Bd7 10. g4 Qc7 11. Bxd7+ Nxd7 12. gxh5 Qxe5+ 13. Nde2 Qxh5 14.
O-O Qc5+ 15. Kh1 Nf6 16. Qd4 Qc6+ 17. Kg1 O-O 18. Be3 e5 19. Qh4 h5 20. h3 Rac8
21. Rad1 b5 22. Qb4 Qe6 23. Kh2 Rc4 24. Qd6 Qxd6 25. Rxd6 b4 26. Rdxf6 bxc3 27.
b3 Re4 28. R6f3 f5 29. Nxc3 Rxe3 30. Rxe3 Rd8 31. Rfe1 e4 32. Nxe4 Bd4 33. R3e2
fxe4 34. Rxe4 Kf7 35. Rf4+ Bf6 36. Ref1 Rd6 37. c4 g5 38. R4f2 Ke7 39. Kg2 Re6
40. Kf3 Bd4 41. Re2 g4+ 42. hxg4 hxg4+ 43. Kxg4 Rxe2 44. Rd1 Bc3 1/2-1/2

[Event "II Festival A"]
[Site "Virgilio ITA"]
[Date "2012.01.06"]
[Round "7"]
[White "Chiarion, Elisa"]
[Black "Lantini, Marco"]
[WhiteElo "2003"]
[BlackElo "2136"]
[Result "0-1"]
[PlyCount "106"]
[EventDate "2012.01.02"]

1. e4 e5 2. Nf3 Nc6 3. Bc4 Nf6 4. d3 h6 5. c3 d6 6. Nbd2 g6 7. Nf1 Bg7 8. Be3
O-O 9. Qd2 Kh7 10. h3 d5 11. exd5 Nxd5 12. Bc5 Re8 13. O-O-O Be6 14. d4 e4 15.
Ne5 Bxe5 16. dxe5 Nxe5 17. Ne3 Nxe3 18. Qxe3 Nxc4 19. Rxd8 Nxe3 20. Rxa8 Rxa8
21. Bxe3 Bxa2 22. Rd1 Be6 23. Rd4 f5 24. Bf4 Rc8 25. g4 g5 26. gxf5 Bxf5 27.
Bg3 Kg6 28. Kd2 Bxh3 29. Rxe4 Rd8+ 30. Ke2 Rd7 31. b4 Bf5 32. Re5 h5 33. f3 h4
34. Bh2 c6 35. Ra5 Bd3+ 36. Ke3 Ba6 37. Ke4 Rd2 38. Be5 h3 39. Ra1 Bd3+ 40. Ke3
Re2+ 41. Kxd3 Rxe5 42. Rh1 Kf5 43. Rxh3 Kf4 44. Rh7 Kxf3 45. Rxb7 Rd5+ 46. Kc4
g4 47. Rf7+ Ke4 48. Rf6 Rg5 49. Rxc6 g3 50. Ra6 g2 51. Ra1 g1=Q 52. Rxg1 Rxg1
53. Kb5 Rg5+ 0-1

[Event "II Festival A"]
[Site "Virgilio ITA"]
[Date "2012.01.06"]
[Round "7"]
[White "Genocchio, Daniele"]
[Black "Tratar, Marko"]
[WhiteElo "2434"]
[BlackElo "2499"]
[Result "1/2-1/2"]
[PlyCount "25"]
[EventDate "2012.01.02"]

1. e4 e6 2. f4 d5 3. e5 c5 4. Nf3 Bd7 5. c3 Nc6 6. Na3 Nh6 7. Nc2 Nf5 8. Bd3
Nh4 9. Nxh4 Qxh4+ 10. g3 Qd8 11. b3 Be7 12. Qe2 Qb6 13. c4 1/2-1/2

[Event "II Festival A"]
[Site "Virgilio ITA"]
[Date "2012.01.06"]
[Round "7"]
[White "Gilevych, Artem"]
[Black "Ceschia, Ivano"]
[WhiteElo "2279"]
[BlackElo "2319"]
[Result "1/2-1/2"]
[PlyCount "153"]
[EventDate "2012.01.02"]

1. Nf3 g6 2. c4 c5 3. d4 cxd4 4. Nxd4 Bg7 5. e4 Nc6 6. Be3 Nf6 7. Be2 Nxe4 8.
O-O O-O 9. Bf3 Nf6 10. Nc3 Ne5 11. Be2 d6 12. h3 Bd7 13. f4 Nc6 14. Nf3 Rc8 15.
Rc1 Qa5 16. g4 h5 17. Ng5 hxg4 18. hxg4 Nh7 19. Nxh7 Kxh7 20. Rf2 Rh8 21. c5
Kg8 22. cxd6 Re8 23. Rg2 exd6 24. Bf2 Qb4 25. Nd5 Qxb2 26. Rc2 Qa1 27. Rc1 Qxa2
28. Bc4 Qa5 29. f5 Be5 30. fxg6 Be6 31. gxf7+ Bxf7 32. g5 Kg7 33. Nf6 Bxc4 34.
Nxe8+ Rxe8 35. Rxc4 Qa2 36. Rc1 Qe6 37. Rb1 Re7 38. g6 Qf5 39. Rb3 Bf4 40. Rf3
Ne5 41. Bd4 Kh6 42. Bxe5 dxe5 43. Qb3 Kg7 44. Rh3 Bh6 45. Rxh6 Kxh6 46. Rh2+
Kg5 47. Qg3+ Kf6 48. Rf2 Rg7 49. Rxf5+ Kxf5 50. Qf2+ Kxg6 51. Qxa7 Re7 52. Qb6+
Kf7 53. Qb3+ Ke8 54. Qa4+ Kd8 55. Qa5+ Kd7 56. Qb6 Ke8 57. Qg6+ Kd7 58. Qe4 Kd6
59. Qb4+ Ke6 60. Kf2 Kf7 61. Qe4 Kf8 62. Ke3 Ke8 63. Qa4+ Kd8 64. Qa5+ Kc8 65.
Qc5+ Rc7 66. Qf8+ Kd7 67. Qf7+ Kd8 68. Qf6+ Kd7 69. Qb6 Kc8 70. Qe6+ Kd8 71.
Ke4 Rc6 72. Qf7 Kc8 73. Kxe5 Kb8 74. Kd5 Ka7 75. Qe8 Kb6 76. Qe3+ Kc7 77. Kd4
1/2-1/2

[Event "II Festival A"]
[Site "Virgilio ITA"]
[Date "2012.01.07"]
[Round "8"]
[White "Bontempi, Piero"]
[Black "Sbarra, Marco"]
[WhiteElo "2336"]
[BlackElo "2288"]
[Result "1/2-1/2"]
[PlyCount "130"]
[EventDate "2012.01.02"]

1. e4 e5 2. Nf3 Nc6 3. d4 exd4 4. Nxd4 Nf6 5. Nxc6 bxc6 6. Nd2 Bc5 7. e5 Qe7 8.
Qe2 Nd5 9. Ne4 Bd4 10. f4 f5 11. c3 fxe4 12. cxd4 Qb4+ 13. Qd2 Qxd2+ 14. Bxd2
e3 15. Ba5 Nxf4 16. Bxc7 Ne6 17. Bd6 Nxd4 18. Bc4 Nc2+ 19. Ke2 Nxa1 20. Rxa1 a5
21. Kxe3 Ba6 22. Bb3 a4 23. Bxa4 Bc4 24. Bc2 Rxa2 25. Rxa2 Bxa2 26. b3 Kf7 27.
Kd2 Ke6 28. Kc3 g6 29. Kb2 Ra8 30. Bd1 Kd5 31. Bg4 Ra7 32. Be2 Kd4 33. Bc4 Ra8
34. Be2 Ra7 35. Bd1 Ra8 36. Bc7 Kd5 37. Bf3+ Ke6 38. Bg4+ Ke7 39. Bd6+ Ke8 40.
Be2 Kf7 41. Bd3 h5 42. Bc2 Ke6 43. Bxg6 h4 44. h3 c5 45. Bd3 Kd5 46. Bc4+ Kd4
47. Bb5 Bxb3 48. Kxb3 Rg8 49. Bxd7 c4+ 50. Kb4 c3 51. Kb3 Rxg2 52. e6 Rb2+ 53.
Ka3 Rb7 54. e7 Rxd7 55. Be5+ Kc4 56. e8=Q Ra7+ 57. Qa4+ Rxa4+ 58. Kxa4 c2 59.
Bf4 Kd3 60. Kb3 Ke4 61. Bg5 c1=Q 62. Bxc1 Kf3 63. Bg5 Kg2 64. Kc2 Kxh3 65. Kd2
Kg4 1/2-1/2

[Event "II Festival A"]
[Site "Virgilio ITA"]
[Date "2012.01.07"]
[Round "8"]
[White "Capaliku, Aleks"]
[Black "Gilevych, Artem"]
[WhiteElo "2099"]
[BlackElo "2279"]
[Result "1-0"]
[PlyCount "79"]
[EventDate "2012.01.02"]

1. e3 Nc6 2. b3 e5 3. c4 f5 4. Nc3 g6 5. g3 Bg7 6. Bb2 Nge7 7. Bg2 O-O 8. Nge2
Nb4 9. d4 e4 10. O-O d6 11. Qd2 Bd7 12. Nxe4 fxe4 13. Qxb4 Bg4 14. Qd2 Bf3 15.
Nc3 d5 16. cxd5 g5 17. Nxe4 Bxg2 18. Kxg2 Qxd5 19. Qd3 Kh8 20. f3 g4 21. Nd2
Nc6 22. e4 Qd8 23. fxg4 Rxf1 24. Rxf1 Bxd4 25. Bxd4+ Nxd4 26. Nf3 Nxf3 27.
Qxd8+ Rxd8 28. Kxf3 Kg7 29. Ke3 c6 30. Rf2 Re8 31. g5 Re5 32. h4 Rc5 33. Rd2
Rb5 34. Rd7+ Kg8 35. Kf4 Ra5 36. Rxb7 Rxa2 37. e5 a5 38. e6 Re2 39. Kf5 Re3 40.
g4 1-0

[Event "II Festival A"]
[Site "Virgilio ITA"]
[Date "2012.01.07"]
[Round "8"]
[White "Dvirnyy, Danyyil"]
[Black "Genocchio, Daniele"]
[WhiteElo "2492"]
[BlackElo "2434"]
[Result "1/2-1/2"]
[PlyCount "23"]
[EventDate "2012.01.02"]

1. e4 e5 2. Nf3 Nc6 3. Bb5 a6 4. Ba4 Nf6 5. O-O Nxe4 6. d4 b5 7. Bb3 d5 8. dxe5
Be6 9. Be3 Qd7 10. a4 Rb8 11. axb5 axb5 12. Nbd2 1/2-1/2

[Event "II Festival A"]
[Site "Virgilio ITA"]
[Date "2012.01.07"]
[Round "8"]
[White "Lantini, Marco"]
[Black "Bertani, Gianfranco"]
[WhiteElo "2136"]
[BlackElo "2059"]
[Result "1-0"]
[PlyCount "61"]
[EventDate "2012.01.02"]

1. e4 c5 2. Nf3 d6 3. d4 cxd4 4. Nxd4 Nf6 5. Nc3 g6 6. f4 Nbd7 7. Nf3 Qa5 8.
Qd4 Bg7 9. e5 Ng4 10. h3 dxe5 11. Qd5 Qb4 12. hxg4 e4 13. Ne5 O-O 14. Qxe4 Qa5
15. Qd5 Nc5 16. Be3 b6 17. Bxc5 Be6 18. Qe4 Qxc5 19. O-O-O Rad8 20. Be2 Rd6 21.
Na4 Qc7 22. Kb1 b5 23. Nc3 a6 24. Nd5 Rxd5 25. Rxd5 Rc8 26. Rc1 Qa5 27. a3 Bxd5
28. Qxd5 e6 29. Qd7 Rc7 30. Qd8+ Bf8 31. Nd7 1-0

[Event "II Festival A"]
[Site "Virgilio ITA"]
[Date "2012.01.07"]
[Round "8"]
[White "Mrdja, Milan"]
[Black "Naumkin, Igor"]
[WhiteElo "2389"]
[BlackElo "2443"]
[Result "0-1"]
[PlyCount "72"]
[EventDate "2012.01.02"]

1. e4 e5 2. Nf3 Nc6 3. Bb5 a6 4. Ba4 Nf6 5. O-O Be7 6. Re1 b5 7. Bb3 d6 8. c3
O-O 9. h3 Na5 10. Bc2 c5 11. d4 Nd7 12. d5 Nb6 13. Nbd2 f5 14. exf5 Bxf5 15.
Bxf5 Rxf5 16. Ne4 Qd7 17. Qd3 Raf8 18. Ng3 R5f7 19. Be3 Nac4 20. b3 Nxe3 21.
Rxe3 c4 22. Qd2 Qb7 23. Rd1 a5 24. Re4 cxb3 25. axb3 Nd7 26. Re3 a4 27. bxa4
bxa4 28. Qa2 Qa7 29. c4 Nc5 30. Ne4 Rf4 31. Nfd2 Bh4 32. g3 Bxg3 33. Nxg3 Rxf2
34. Qa3 Nb3 35. Ndf1 Nd4 36. Qxd6 Ne2+ 0-1

[Event "II Festival A"]
[Site "Virgilio ITA"]
[Date "2012.01.07"]
[Round "8"]
[White "Paltrinieri, Nicholas"]
[Black "Ceschia, Ivano"]
[WhiteElo "2109"]
[BlackElo "2319"]
[Result "1/2-1/2"]
[PlyCount "54"]
[EventDate "2012.01.02"]

1. f4 d5 2. e3 g6 3. Nf3 Bg7 4. Be2 c5 5. O-O Nc6 6. d3 Nh6 7. c3 O-O 8. e4
dxe4 9. dxe4 Qxd1 10. Rxd1 Rd8 11. Rxd8+ Nxd8 12. h3 f6 13. Na3 b6 14. Bc4+ Be6
15. Be3 Nhf7 16. Bxe6 Nxe6 17. f5 Ned8 18. Nb5 Nd6 19. Nxd6 exd6 20. Rd1 Nf7
21. Kf2 Re8 22. fxg6 hxg6 23. Bf4 Rxe4 24. Bxd6 f5 25. Bb8 Re7 26. Bf4 Bf6 27.
h4 Re8 1/2-1/2

[Event "II Festival A"]
[Site "Virgilio ITA"]
[Date "2012.01.07"]
[Round "8"]
[White "Rusev, Krasimir"]
[Black "Arnaudov, G. Petar"]
[WhiteElo "2518"]
[BlackElo "2473"]
[Result "1/2-1/2"]
[PlyCount "36"]
[EventDate "2012.01.02"]

1. d4 Nf6 2. c4 g6 3. Nc3 d5 4. Nf3 Bg7 5. Bg5 Ne4 6. cxd5 Nxg5 7. Nxg5 e6 8.
Nf3 exd5 9. e3 O-O 10. Be2 a5 11. O-O c6 12. a3 Qd6 13. Rb1 Bf5 14. Rc1 Nd7 15.
Na4 Rfc8 16. Nc5 Nxc5 17. Rxc5 b6 18. Rc1 c5 1/2-1/2

[Event "II Festival A"]
[Site "Virgilio ITA"]
[Date "2012.01.07"]
[Round "8"]
[White "Xia, Jie"]
[Black "Picco, Ruggero"]
[WhiteElo "2269"]
[BlackElo "2024"]
[Result "1-0"]
[PlyCount "53"]
[EventDate "2012.01.02"]

1. e4 e5 2. Nf3 Nc6 3. d4 exd4 4. Bc4 Nf6 5. e5 d5 6. Bb5 Ne4 7. Nxd4 Bd7 8.
Bxc6 bxc6 9. O-O Be7 10. f3 Nc5 11. f4 O-O 12. f5 Ne4 13. Nc3 Nxc3 14. bxc3 Re8
15. e6 fxe6 16. fxe6 Bc8 17. Qg4 Bf6 18. Bh6 Qe7 19. Rae1 Kh8 20. Nf5 Qc5+ 21.
Kh1 Qxc3 22. Re3 gxh6 23. Rxc3 Bxc3 24. Qg3 Bf6 25. Nxh6 Bg7 26. Rf7 Bxh6 27.
Qe5+ 1-0